000 00560nam a2200157 i 4500
001 122374
003 ES-MaACL
005 20230906191950.0
008 070214s1971 xxuf |||| | eng d
100 1 _aPowell, Phillip Wayne.
_993503
245 1 0 _aTree of hate
_b: propaganda and prejudices affecting United States relations with the Hispanic World /
_cby Phillip Wayne Powell.
260 _aNew York :
_bBasic Books,
_c1971.
300 _aX, 210 p., 10 lám. ;
_c24 cm.
651 4 _aEspaña-
_xHistoria-
_xLeyenda negra.
_98346
852 _aES-MaACL
_jC-41068
999 _c122374
_d122374